Central Library OPAC University of Rajshahi

منتهى الأرب ;; Muntahá al-arab / (Record no. 82926)

MARC details
000 -LEADER
fixed length control field 00738nam a2200217 a 4500
003 - CONTROL NUMBER IDENTIFIER
rucl marc code BD-RjUL
005 - DATE AND TIME OF LATEST TRANSACTION
control field 20240204102816.0
008 - FIXED-LENGTH DATA ELEMENTS--GENERAL INFORMATION
fixed length control field 240205s195 ir 000 0 ara d
035 ## - SYSTEM CONTROL NUMBER
System control number (BD-RjUL)
040 ## - CATALOGING SOURCE
Original cataloging agency HAI
Language of cataloging eng
Transcribing agency BD-RjUL
041 0# - LANGUAGE CODE
Language code of text/sound track or separate title ara
-- per
082 ## - DEWEY DECIMAL CLASSIFICATION NUMBER
Edition number 23
Classification number 892.7355
Author mark and year HAL [1951]
100 1# - MAIN ENTRY--PERSONAL NAME
Personal name هالرائد بهادر
9 (RLIN) 11394
245 10 - TITLE STATEMENT
Title منتهى الأرب ;; Muntahá al-arab /
Remainder of title كپتان هالرئد بهادر ;; Captain Halred Bahadur
246 33 - VARYING FORM OF TITLE
Title proper/short title فرهنگ عربي-بفارسي
260 ## - PUBLICATION, DISTRIBUTION, ETC. (IMPRINT)
Place of publication, distribution, etc. Lahore :
Name of publisher, distributor, etc. درمطبع سرگاری ,،
Date of publication, distribution, etc. 1951
300 ## - PHYSICAL DESCRIPTION
Pagination 587 p. ;
Size 30 cm
500 ## - GENERAL NOTE
General note بالعربية والفارسية
650 #4 - SUBJECT ADDED ENTRY--TOPICAL TERM
Topical term or geographic name as entry element Arabic language
Form subdivision Dictionaries
General subdivision Persian
9 (RLIN) 11395
942 ## - ADDED ENTRY ELEMENTS (KOHA)
Source of classification or shelving scheme Dewey Decimal Classification
Koha item type Reference
Holdings
Lost status Source of classification or shelving scheme Damaged status Not for loan Collection code Permanent Location Current Location Shelving location Date acquired Source of acquisition Full call number Date last seen Copy number Koha item type
  Dewey Decimal Classification   Not For Loan Reference Central Library, University of Rajshahi Central Library, University of Rajshahi Reference 04/02/2024 Moulovi Abdul Qadir & golam Kadir F/R 892.739155 HAL [1951] 04/02/2024 C-1 Reference